000 00536nam a2200181Ia 4500
003 GCL
008 140319s9999 xx 000 0 ara d
040 _aGCL /
_cGCL
082 0 4 _a371.27
_bن ت
100 1 _aنعيم عطية
245 1 0 _aالتقييم التربوى الهادف : اصوله وطرائقه /
_cنعيم عطية
300 _a438 ص
490 _a
650 0 4 _aالتربية
650 0 4 _aالتعليم - طرق القياس
650 0 4 _aالتعليم - الطرق التجريبية
942 _2ddc
_cBK
999 _c42181
_d42181